000 00892 a2200277 4500
001 118173
020 _a9781515739876
020 _q(Broch.)
041 _aeng
082 _a613.2
100 _aRustad, Martha E. H.
490 _aLittle pebble. Healthy me
500 _aIB program. Uso restrito aos professores.
520 _aLearning to eat well is a tough job! Carefully leveled text allows the youngest readers to read independently and learn all about eating well.
521 _aYear 1
697 _aNutrition
697 _aHealth
697 _aJuvenile literature
856 _u00002f/00002f00.jpg
040 _aBR-BrIDEA
_cBR-BrIDEA
090 _aA IB Year 1 613
_bRUS
245 1 0 _aI eat well
_cMartha E.H. Rustad.
260 _aNorth Mankato, Minnesota
_bCapstone Press, a Capstone imprint
_c[2017]
300 _a24 pages
_bcolor illustrations
_e19 cm
942 _cBK
999 _c118173
_d118173